000 00606nam a2200193 a 4500
005 20140310183258.0
008 050726s19uu xx 00 eng d
020 _a067169846
050 _aPZ 4
_b.C522 1989
100 _aCherryh, C.J.
245 _aReap the whirlwind :
_bbook III of the sword of knowledge /
_cC.J. Cherryh and Mercedes Lackey.
260 _aNew York, N.Y :
_bBaen Publishing Enterprises,
_c1989.
300 _a273 p. :
_c17 cm.
650 _aFantasy fiction, American.
650 _aQuests (expediton)
_xFiction.
700 _aLackey, Mercedes
942 _cBK
_2lcc
999 _c20900
_d20900